00813nam a2200229 u 4500999001500000001001900015003000400034005001700038008004100055015004400096020001800140040002000158100002600178245010700204260003400311300001800345490001800363650003400381650002800415942001300443952012700456 c7748d7748991060992576706706OSt20230615180621.0 s2021 xx r 000 0 cat d 2Biblioteca de CatalunyaaDL B10755-2023 a9788419676184 aCDMRbcatcCDMR1 aEspañol, Piti93035 aCom escriure diàlegs que funcionin per a cinema i televisió b: guia pràctica c/ Piti Español aBarcelona b: Laertesc, 2023 a204 pàgines aKaplan v; 71 09836aGuions cinematogràfics 093143aGuions televisius 2udccMON 00104070aCDMRbCDMRd2023-06-15eDonacióg18.00l1m1oFo 4/13pCDMR23060008r2023-10-24s2023-10-02w2023-06-15yMON